000 00420nam a22001697a 4500
003 NUST - PNEC
005 20170116181117.0
008 151004b xxu||||| |||| 00| 0 eng d
020 _a-
040 _cLIBRARY
082 _a891.439 QAS
100 _913291
_aQasmi, Attaul Haq
245 _aRozan e deewar say
_cAttaul Haq Qasmi
260 _cc.1994
650 _913292
_aUrdu Literature
_xGeneral
942 _2ddc
_cBK
999 _c69402
_d69402